| 000 | 00595nam a2200205 a 4500 | ||
|---|---|---|---|
| 005 | 20260322212019.0 | ||
| 008 | data | ||
| 020 | _a0910223270 | ||
| 020 | _a978-0-910223-27-0 | ||
| 040 | _aHazelden | ||
| 092 | _a616.85 B6 2000 | ||
| 100 | 1 | _aBlack, Claudia | |
| 245 | 1 | 2 |
_aA Hole in the sidewalk : _bthe recovering person's guide to relapse prevention _cClaudia Black. |
| 260 |
_aBaimbridge Island, WA _bMAC Publishing _cc2000 |
||
| 300 |
_avii, 147 p. ; _c ill. ; 26 cm. |
||
| 650 | 4 | _aAddicts. | |
| 650 | 0 | 2 |
_aCompulsive Behavior _xhistory _xhistory |
| 650 | 4 | _aRecovering addicts. | |
| 001 | data | ||
| 999 |
_c421 _d421 |
||